Loading...
Literature - American Literature | 1 | 6 | 1 | 2 | 70 | 74 | 111.86 | 1 | 4 |
Literature - European Literature | 0 | 6 | 1 | 1 | 55 | 96 | 134.67 | 0 | 2 |
Literature - British Literature | 0 | 5 | 0 | 0 | 50 | 104 | 135.60 | 1 | 4 |
Fine Arts - Visual Fine Arts | 1 | 3 | 1 | 0 | 40 | 75 | 102.00 | 2 | 4 |
Literature - World Literature | 0 | 5 | 2 | 0 | 40 | 82 | 100.40 | 2 | 4 |
Science - Other Science | 0 | 3 | 0 | 0 | 30 | 71 | 111.67 | 0 | 1 |
Fine Arts - Other Fine Arts | 0 | 3 | 0 | 0 | 30 | 103 | 124.33 | 0 | 1 |
Social Science | 1 | 1 | 1 | 0 | 20 | 68 | 105.50 | 0 | 1 |
Other Academic | 0 | 2 | 0 | 1 | 20 | 97 | 113.50 | 1 | 1 |
Geography | 0 | 1 | 0 | 0 | 10 | 99 | 99.00 | 0 | 1 |
Science - Physics | 0 | 1 | 0 | 0 | 10 | 113 | 113.00 | 0 | 0 |
Beliefs | 0 | 1 | 0 | 1 | 10 | 140 | 140.00 | 0 | 0 |
Science - Chemistry | 0 | 0 | 0 | 0 | 0 | 0.00 | 0 | 0 | |
Philosophy | 0 | 0 | 1 | 0 | -5 | 0.00 | 0 | 0 |